00647nam a22001937a 450000500170000001000150001702000260003203500140005803700090007208200130008110000220009424500880011625000060020426000660021027001110027630000200038794200270040799900190043420241001112110.0 aENG-141859 c300.00a9789391706081 aEN-125391 bDBAD a181.421 aShaw, J.L.972232 aThe Relevance of Indian Philosphy to Contemporary Western Philosophy/cBy J.L. Shaw a1 aKolkatabThe Ramakrishna Mission Institute Of Culture c2022 bKolkataaThe Ramakrishna Mission Institute Of Culture Gol Park, Kolkata Indiae700029mrmicsale@gmail.com a200p.c22cm(hb) 2ddccENh181.4mSHAe1 c206028d206028